Communication in business

Αποθηκεύτηκε σε:
Λεπτομέρειες βιβλιογραφικής εγγραφής
Κύριος συγγραφέας: Little, Peter
Μορφή: Βιβλίο
Γλώσσα:English
Δημοσίευση: Great Britain : Pitman, 1990
Έκδοση:3rd ed.
Θέματα:
Ετικέτες: Προσθήκη ετικέτας
Δεν υπάρχουν, Καταχωρήστε ετικέτα πρώτοι!

MARC

LEADER 00000cam a2200000 i 4500
001 1/23937
008 960715s1990 eng d
020 |a 0-273-02535-X 
035 |l 10022183 
040 |a GR-MY-UA  |b gre  |e aacr 
041 0 |a eng 
082 0 |a 658.45 
100 1 |a Little, Peter. 
245 1 0 |a Communication in business /  |c Peter Little 
250 |a 3rd ed. 
260 |a Great Britain :   |b Pitman,   |c 1990 
300 |a xii, 345 σ. 
650 0 0 |a Business communication. 
852 |a INST  |b CHIOS  |e 19960715  |h 658.45 LIT  |p 005200001924  |q 005200001924  |t BK  |y 0 
852 |a INST  |b CHIOS  |e 20020603  |h 658.45 LIT  |p 005200019722  |q 005200019722  |t BK  |y 0 
852 |a INST  |b CHIOS  |e 20020603  |h 658.45 LIT  |p 005200019723  |q 005200019723  |t BK  |y 0 
852 |a INST  |b CHIOS  |e 20020603  |h 658.45 LIT  |p 005200019724  |q 005200019724  |t BK  |y 0 
852 |a INST  |b CHIOS  |e 20020603  |h 658.45 LIT  |p 005200019725  |q 005200019725  |t BK  |y 0 
901 |a BIBL2-2002-2 
909 |a Χ  |b 018933 
909 |a Χ  |b 099982 
909 |a Χ  |b 099983 
909 |a Χ  |b 099984 
909 |a Χ  |b 099985